[Event "HUN-chT2 Maroczy 1718"]
[Site "Hungary"]
[Date "2018.02.18"]
[Round "6.8"]
[White "Kovacs, Istvan"]
[Black "Csala, Imre"]
[Result "1/2-1/2"]
[WhiteElo "2124"]
[BlackElo "2090"]
[PlyCount "26"]
[EventDate "2017.10.29"]
[EventType "team-tourn"]
[EventRounds "9"]
[EventCountry "HUN"]
[SourceTitle "EXT 2021"]
[Source "ChessBase"]
[SourceDate "2020.10.23"]
[SourceVersion "1"]
[SourceVersionDate "2020.10.23"]
[SourceQuality "1"]
[WhiteTeam "Dunaharaszti II"]
[BlackTeam "Toth Laszlo"]
[WhiteTeamCountry "HUN"]
[BlackTeamCountry "HUN"]

1. c4 Nf6 2. Nc3 g6 3. Nf3 Bg7 4. d4 0-0 5. g3 d6 6. Bg2 a6 7. 0-0 Nc6 8. d5 Na5 9. Nd2 c5 10. Qc2 Bd7 11. b3 b5 12. Bb2 Rb8 13. Rab1 Bh6 1/2-1/2

[Event "Balaton op 34th"]
[Site "Balatonboglar"]
[Date "2016.06.17"]
[Round "4"]
[White "Warstad, Leif Edvin"]
[Black "Csala, Imre"]
[Result "0-1"]
[WhiteElo "1607"]
[BlackElo "2145"]
[PlyCount "60"]
[EventDate "2016.06.14"]
[EventType "swiss"]
[EventRounds "9"]
[EventCountry "HUN"]
[SourceTitle "CBM 173 Extra"]
[Source "ChessBase"]
[SourceDate "2016.08.29"]
[SourceVersion "1"]
[SourceVersionDate "2016.08.29"]
[SourceQuality "1"]

1. d4 c5 2. d5 e5 3. e4 d6 4. Nf3 a6 5. Be2 b5 6. Nbd2 Nf6 7. 0-0 Be7 8. c4 b4 9. a3 Nbd7 10. Re1 0-0 11. Bf1 a5 12. a4 g6 13. b3 Nh5 14. g3 Qe8 15. Bg2 f5 16. Nf1 fxe4 17. Rxe4 Qf7 18. Bh6 Ng7 19. Qd2 Nf6 20. Rxe5 dxe5 21. Nxe5 Qe8 22. d6 Bd8 23. Bxa8 Qxe5 24. Re1 Qc3 25. Qxc3 bxc3 26. Rc1 Ng4 27. Bd5+ Kh8 28. Bxg7+ Kxg7 29. Rxc3 Nxf2 30. h4 Nh3+ 0-1

[Event "Heviz op 12th"]
[Site "Heviz"]
[Date "2016.04.10"]
[Round "5"]
[White "Juhasz, Armin"]
[Black "Csala, Imre"]
[Result "1-0"]
[WhiteElo "2375"]
[BlackElo "2104"]
[PlyCount "72"]
[EventDate "2016.04.06"]
[EventType "swiss"]
[EventRounds "9"]
[EventCountry "HUN"]
[SourceTitle "CBM 171 Extra"]
[Source "ChessBase"]
[SourceDate "2016.04.26"]
[SourceVersion "1"]
[SourceVersionDate "2016.04.26"]
[SourceQuality "1"]

1. Nf3 d6 2. d4 Nd7 3. c4 g6 4. e4 Bg7 5. Nc3 e5 6. Be2 Ngf6 7. 0-0 0-0 8. Be3 exd4 9. Nxd4 Nc5 10. f3 a5 11. Qd2 Re8 12. Rfd1 Bd7 13. b3 Qe7 14. Rab1 Qf8 15. a3 Ne6 16. Nc2 h6 17. Bf1 Kh7 18. g3 Qh8 19. Ne2 Re7 20. Bg2 Qe8 21. Ne1 Bc6 22. Nd3 Nd7 23. Nf2 Ne5 24. f4 Nd7 25. b4 axb4 26. axb4 Ba4 27. Rdc1 Nef8 28. Nc3 Nf6 29. Bd4 N8d7 30. Nd5 Nxd5 31. cxd5 Nf6 32. Qb2 Qh8 33. b5 b6 34. Qb4 Qg8 35. e5 Ne8 36. Ne4 Bxb5 1-0

[Event "Balatonalmadi Pannonia Cup 20th"]
[Site "Balatonalmadi"]
[Date "2015.08.01"]
[Round "5"]
[White "Egresi, Mate"]
[Black "Csala, Imre"]
[Result "1-0"]
[WhiteElo "2228"]
[BlackElo "2156"]
[PlyCount "53"]
[EventDate "2015.07.29"]
[EventType "swiss"]
[EventRounds "7"]
[EventCountry "HUN"]
[SourceTitle "EXT 2016"]
[Source "ChessBase"]
[SourceDate "2015.10.08"]
[SourceVersion "1"]
[SourceVersionDate "2015.10.08"]
[SourceQuality "1"]

1. d4 Nf6 2. c4 d6 3. Nf3 Nbd7 4. Nc3 e5 5. e4 g6 6. Be2 Bg7 7. 0-0 0-0 8. Be3 exd4 9. Nxd4 Nc5 10. f3 a5 11. Qc2 Re8 12. Rfe1 Bd7 13. Rad1 Qe7 14. Bf1 Qf8 15. Ndb5 Bxb5 16. Nxb5 Na6 17. Qd2 b6 18. Nc3 Nd7 19. Nd5 Ndc5 20. b3 Ra7 21. g3 Rb7 22. Bh3 c6 23. Nc3 Rbb8 24. Ne2 Rbd8 25. Bg5 f6 26. Bf4 Nb7 27. Nd4 1-0

[Event "HUN-chT2 Maroczy 1415"]
[Site "Hungary"]
[Date "2015.01.25"]
[Round "5"]
[White "Csala, Imre"]
[Black "Toth, Levente"]
[Result "1-0"]
[WhiteElo "2193"]
[BlackElo "2107"]
[PlyCount "77"]
[EventDate "2014.10.12"]
[EventType "team-tourn"]
[EventRounds "9"]
[EventCountry "HUN"]
[SourceTitle "EXT 2016"]
[Source "ChessBase"]
[SourceDate "2015.10.08"]
[SourceVersion "1"]
[SourceVersionDate "2015.10.08"]
[SourceQuality "1"]
[WhiteTeam "TLSE"]
[BlackTeam "Miskolc KisBocsok"]
[WhiteTeamCountry "HUN"]
[BlackTeamCountry "HUN"]

1. e4 e5 2. Bc4 Nf6 3. Qe2 Nc6 4. Nf3 Bc5 5. c3 0-0 6. b4 Bb6 7. a4 a6 8. d3 d6 9. Bg5 Be6 10. Nbd2 Qe7 11. 0-0 Rad8 12. b5 axb5 13. axb5 Nb8 14. d4 Nbd7 15. h3 c6 16. Rfb1 h6 17. Bxe6 Qxe6 18. Bxf6 Qxf6 19. Nc4 Bc7 20. bxc6 bxc6 21. Rb7 Bb8 22. Ra6 exd4 23. cxd4 c5 24. d5 Qf4 25. Nfd2 Ne5 26. g3 Qg5 27. h4 Qg4 28. Qxg4 Nxg4 29. Na5 Rc8 30. Nc6 Kh8 31. Ra8 Bc7 32. Rxc8 Rxc8 33. Nc4 Bd8 34. Nxd6 Ra8 35. Nxf7+ Kg8 36. Nfxd8 Ra1+ 37. Kg2 Ra2 38. Ne6 Rxf2+ 39. Kg1 1-0

[Event "Budapest op 4th"]
[Site "Budapest"]
[Date "2014.08.20"]
[Round "5"]
[White "Zoldy, Robert"]
[Black "Csala, Imre"]
[Result "0-1"]
[WhiteElo "2029"]
[BlackElo "2175"]
[PlyCount "84"]
[EventDate "2014.08.16"]
[EventType "swiss"]
[EventRounds "9"]
[EventCountry "HUN"]
[SourceTitle "CBM 161 Extra"]
[Source "ChessBase"]
[SourceDate "2014.08.29"]
[SourceVersion "1"]
[SourceVersionDate "2014.08.29"]
[SourceQuality "1"]

1. e4 d6 2. Nc3 e5 3. Nf3 c5 4. Bc4 Nc6 5. d3 Be7 6. Nd5 h6 7. c3 Nf6 8. h3 0-0 9. Ne3 Rb8 10. g4 b5 11. Bb3 Na5 12. Bc2 c4 13. d4 exd4 14. Nxd4 d5 15. e5 Ne4 16. 0-0 Bc5 17. Nef5 Ng5 18. Kg2 f6 19. Bxg5 fxg5 20. Qd2 Rb6 21. Rad1 b4 22. Bb1 bxc3 23. bxc3 g6 24. Ne3 Bb7 25. f3 Qe7 26. e6 Qf6 27. Rde1 Rd8 28. Nec2 Bd6 29. Ne3 Bf4 30. Qc2 Kh7 31. Qa4 Bc7 32. Nxd5 Rxd5 33. Qe8 Rxd4 34. cxd4 Ba6 35. Qf7+ Qxf7 36. exf7 Kg7 37. Bxg6 Bd6 38. Re8 Kxg6 39. f8Q Bxf8 40. Rxf8 Rb2+ 41. Kg3 c3 42. Rc1 c2 0-1

[Event "Budapest op 4th"]
[Site "Budapest"]
[Date "2014.08.19"]
[Round "4"]
[White "Csala, Imre"]
[Black "Horvath, Dominik"]
[Result "1-0"]
[WhiteElo "2175"]
[BlackElo "2004"]
[PlyCount "79"]
[EventDate "2014.08.16"]
[EventType "swiss"]
[EventRounds "9"]
[EventCountry "HUN"]
[SourceTitle "CBM 161 Extra"]
[Source "ChessBase"]
[SourceDate "2014.08.29"]
[SourceVersion "1"]
[SourceVersionDate "2014.08.29"]
[SourceQuality "1"]

1. d4 Nf6 2. Nf3 g6 3. c4 Bg7 4. Nc3 0-0 5. e4 d6 6. Be2 e5 7. 0-0 Nc6 8. d5 Ne7 9. c5 Ne8 10. b4 h6 11. Nd2 f5 12. Nc4 Nf6 13. f3 f4 14. Ba3 g5 15. b5 Ne8 16. b6 axb6 17. cxd6 Nxd6 18. Nxd6 cxd6 19. Nb5 Rf6 20. Qb3 Ng6 21. Rfc1 Bd7 22. Nc7 Nh4 23. Nxa8 Qxa8 24. Rc7 Qe8 25. Rac1 Bf8 26. Qxb6 g4 27. Qf2 Ng6 28. Rxb7 Kh8 29. Qa7 Rf7 30. Rcc7 gxf3 31. Bxf3 Nh4 32. Rxd7 Rxd7 33. Rxd7 Qg6 34. Qf2 Qg5 35. Bxd6 Bxd6 36. Rxd6 Ng6 37. Qb6 Qh4 38. Rd8+ Kh7 39. Rd7+ Ne7 40. Qb4 1-0

[Event "HUN-chT2 Toth 1314"]
[Site "Hungary"]
[Date "2014.04.13"]
[Round "10.1"]
[White "Csala, Imre"]
[Black "Simonyi, Zoltan"]
[Result "1-0"]
[WhiteElo "2189"]
[BlackElo "2227"]
[PlyCount "61"]
[EventDate "2013.09.08"]
[EventType "team-tourn"]
[EventRounds "11"]
[EventCountry "HUN"]
[SourceTitle "EXT 2016"]
[Source "ChessBase"]
[SourceDate "2015.10.08"]
[SourceVersion "1"]
[SourceVersionDate "2015.10.08"]
[SourceQuality "1"]
[WhiteTeam "Kecskemet Takisz"]
[BlackTeam "Ujszasz"]
[WhiteTeamCountry "HUN"]
[BlackTeamCountry "HUN"]

1. e4 c5 2. Nf3 Nc6 3. Bc4 e6 4. Nc3 a6 5. a4 Nf6 6. Qe2 d6 7. 0-0 Be7 8. Rd1 Nd4 9. Nxd4 cxd4 10. Nb1 0-0 11. d3 Bd7 12. a5 Bc6 13. Bb3 e5 14. Nd2 Nd7 15. Nc4 Kh8 16. Qg4 d5 17. exd5 Bxd5 18. f4 f5 19. Qh3 e4 20. dxe4 fxe4 21. Be3 d3 22. cxd3 Bc6 23. dxe4 Qe8 24. e5 Bc5 25. Bc2 g6 26. Nd6 Qe7 27. Ne4 Rad8 28. Bxc5 Nxc5 29. Nf6 Ne6 30. Qe3 Qb4 31. Be4 1-0